Responses for The Greatest of All Time game #3 - Wednesday, January 8, 2020

Jeopardy!: The Greatest of All Time match 2, game 1.

Contestants

[<< previous game]

Brad Rutter, the biggest money winner from Los Angeles, California

Ken Jennings, the winner of 74 consecutive games from Seattle, Washington

James Holzhauer, the setter of 20 Jeopardy! records from Las Vegas, Nevada

[next game >>]

Jeopardy! Round responses

THE CROWN
CHARITIES
LITERALLY STUPID ANSWERS
(Alex: I like that!)
SHORT STORY SYLLABUS
COLLEGE FOOTBALL: AFTER THE GAME
THE "GOLD", "BERG"s
(Alex: Each correct response will either begin with "Gold" or end with "berg".)
    200 30
her coronation

Ken
    200 29
[NOTE: The accent mark in "Frontières" was not shown.]

Doctors Without Borders

Ken
    200 28
an imbecile

Ken
    200 27
Tonto

Ken
    200 26
Gerald Ford

James
    200 25
Bloomberg

James
    400 12
the Duke of Windsor

James
    400 20
Christopher Reeve

Ken
    400 17
a dunce cap

James
    400 6
"White Nights"

James
    400 10
UCLA

Brad
    400 24
William Goldman

Ken
    600 11
Jackie Kennedy

James
    600 19
Danny Thomas

James
    600 16
dingbat

James
    1,000 4
"The Monkey's Paw"

James
    600 9
(James: Who are the Army [*]?)

Black Knights

James
    600 23
(James: Who is Goldwyn?)

(Irving) Thalberg

JamesKen
    800 1
[NOTE: James selected the first clue.]

Lord Snowdon (or Antony Armstrong-Jones)

Brad
    800 18
Equal Justice

James
    800 15
nitwit

Triple Stumper
    800 3
(Raymond) Carver

James
    800 8
Ryan Leaf

James
    800 22
Goldwater

James
    1000 2
(Harold) Wilson

Brad
    1000 13
Booth

Ken
    1000 14
blockhead

James
    1000 5
Guy de Maupassant

Ken
    1000 7
(Brad: What is Oklahoma?)
(Ken: What is Oklahoma State?)

the University of Tulsa

KenBrad
Triple Stumper
    1000 21
Vandenberg

James

Scores at the first commercial break (after clue 15):

James Ken Brad
5,600 1,000 1,200

Scores at the end of the Jeopardy! Round:

James Ken Brad
9,600 3,200 1,200

Double Jeopardy! Round responses

CLASSIC MOVIE QUOTES
(Alex: Great category.)
NEWSPAPERS & MAGAZINES
ART & ARTISTS
AROUND THE WORLD
THE GREATEST OF ALL MINDS
TAKE AN "IQ" TEST
    400 26
(James: What is [imitating Renée Zellweger] [*]?)

"You had me at hello."

James
    400 27
bon appétit

Brad
    400 28
Lichtenstein

James
    400 29
Hinduism

Brad
    400 30
Galileo

James
    400 22
iniquity

Brad
    800 25
[Ken slams his hands down when responding.]
(James: Much better than I would have done!)
(Ken: I think I broke my buzzer...)
[Laughter]

"I'm walking here!"

Ken
    800 24
Punch

James
    800 23
Luncheon on the Grass

Ken
    800 10
Angel Falls

James
    800 12
Tesla

Ken
    800 21
liquidate

James
    1200 16
"Love means never having to say you're sorry."

Brad
    1200 17
Nikkei

James
    1200 1
(James: Who is Mondrian?)

(Willem) de Kooning

JamesKen
    1200 9
(James: What is [*] Body with Special Legal Status?)
[Laughter]

the Caspian

James
    1200 8
Analects

James
    1200 20
a clique

James
    1600 5
"Failure is not an option."

Brad
    1600 15
(Brad: What is Libération?)
...
(Alex: The newspaper is [*]--"The World".)

Le Monde

Brad
Triple Stumper
    1600 2
(William) Hogarth

Ken
    1600 4
Yellowknife

Brad
    1600 7
Spinoza

Ken
    1600 19
an antiquarian

Ken
    2000 6
(Brad: Oh, right!)
(Alex: Well, thank you for agreeing, Brad!)

"Good day, sir!"

Triple Stumper
    2000 14
Utne

Ken
    2000 3
Dr. Gachet

James
    13,600 11
Le Havre

James
    8,400 13
(Ken: I gotta do it, and I can do it with a clear conscience. 8400, Alex.)
(Alex: But can you do it--)
[Alex mimes pushing in poker chips.]
(Ken: [Doing the same] Is this--has James copyrighted this?)
(James: Yeah, go ahead! One-time use only. You're good.)
(Brad: He now owns ten percent of whatever you get.)
[James laughs.]
...
(Ken: [Doing the motion again] It works!)
[James laughs.]

Leibniz

Ken
    2000 18
charcoal briquettes

Brad

Scores at the end of the Double Jeopardy! Round:

James Ken Brad
32,400 22,000 7,200

[wagering suggestions for these scores]

Final Jeopardy! Round responses

INFLUENTIAL WRITING
(Brad: [Looking at Ken's drawing] How do you do that?!)
(James: It's pointing the wrong way.)
[Laughter]
(Alex: You get nothing extra for the artwork.)
BradWhat is The Communist Manifesto?
7,200
KenWhat is The Communist Manifesto? [hammer and sickle drawing]
18,000
JamesWhat is The Communist Manifesto?
11,914
The Communist Manifesto

Final scores:

James Ken Brad
44,314 40,000 14,400

Game dynamics:

Coryat scores:

James Ken Brad
20,400 15,600 7,200
28 R
(including 2 DDs),
2 W
18 R
(including 1 DD),
1 W
10 R,
2 W

Combined Coryat: 43,200

The J! Archive is created by fans, for fans. The Jeopardy! game show and all elements thereof, including but not limited to copyright and trademark thereto, are the property of Jeopardy Productions, Inc. and are protected under law. This website is not affiliated with, sponsored by, or operated by Jeopardy Productions, Inc. Join the discussion at JBoard.tv.